000
00298nam a22001337a 4500
008
180215b xxu||||| |||| 00| 0 eng d
020
_a
0818502304
041
_a
eng
080
_a
159.9
100
_a
48
101
_a
PSI
245
_a
Doing Psychology Experiments
_c
Martin, D.W
942
_2
udc
_c
BK
999
_c
42597
_d
42597